• 首页
  • 本馆介绍
  • 公告通知
  • 最新文献
  • 馆藏检索
  • 电子资源
  • 读者导购
  • 参考咨询
  • 我的图书馆
  • 登录
  • 详细信息显示
  • 放入我的书架
  • 预约/预借图书
  • 作者相关作品
  • 分类相关作品
  • 丛书相关作品
  • 出版社相关作品

书目信息

  • 表格格式
  • 工作单格式
  • 卡片格式
题名:
铣工实用技术
    
 
作者: 邱立功 , 方光辉 主编
分册:  
出版信息: 长沙   湖南科学技术出版社  2012
页数: 395页
开本: 24cm
丛书名: 青年技工培训丛书
单 册:
中图分类: TG54
科图分类:
主题词: 铣削--基本知识 , 铣削
电子资源:
ISBN: 978-7-5357-7106-3
000 00925nam0 2200277 450
001 2353862111
005 20231217145800.74
010    @a978-7-5357-7106-3@d50.00CNY
090    @aTG54@bqlg
096    @aTG54@bqlg
100    @a20120411d2012 em y0chiy0120 ea
101 0  @achi
102    @aCN@b430000
105    @ay z 000yy
200 1  @a铣工实用技术@b专著@f邱立功,方光辉主编@Axi gong shi yong ji shu
210    @a长沙@c湖南科学技术出版社@d2012
215    @a395页@d24cm
225 1  @a青年技工培训丛书
330    @a本书包括铣工基础知识、铣床及附件、铣床夹具和铣刀、铣削平面、台阶、沟槽、离合器、外花键、离合器、凸轮、齿轮、齿条、难加工材料的铣削、分度头及使用、刻线及成形表面的铣削、加工实例等内容。
606 0  @a铣削@x基本知识
606 0  @a铣削
690    @aTG54@v5
701  0 @a邱立功@4主编@Aqiu li gong
701  0 @a方光辉@4主编@Afang guang hui
801  2 @aCN@b辽宁北配@c20231205
905    @aBZT@dTG54@e5
    
    铣工实用技术/邱立功,方光辉主编.-长沙:湖南科学技术出版社,2012
    395页;24cm.-(青年技工培训丛书)
    
    
    ISBN 978-7-5357-7106-3:50.00CNY
    本书包括铣工基础知识、铣床及附件、铣床夹具和铣刀、铣削平面、台阶、沟槽、离合器、外花键、离合器、凸轮、齿轮、齿条、难加工材料的铣削、分度头及使用、刻线及成形表面的铣削、加工实例等内容。
●
相关链接 在五车中查询图书 在当当中查询图书 在豆瓣中查询图书


正题名:铣工实用技术     索取号:TG54/5         预约/预借

序号 登录号 条形码 馆藏地/架位号 状态 备注
1 2001609992   2001609992   辽三/辽宁北配(第三批)/2366/ [索取号:TG54/5] 在馆    
2 2001609993   2001609993   辽三/辽宁北配(第三批)/2366/ [索取号:TG54/5] 在馆    
3 2001609994   2001609994   辽三/辽宁北配(第三批)/2366/ [索取号:TG54/5] 在馆    
4 2001609995   2001609995   辽三/辽宁北配(第三批)/2366/ [索取号:TG54/5] 在馆    
5 2001609996   2001609996   辽三/辽宁北配(第三批)/2366/ [索取号:TG54/5] 在馆    
山东省滨州职业学院图书馆 欢迎您!
大连网信软件有限公司© 版权所有